| 000 | 00576nam a2200181 a 4500 | ||
|---|---|---|---|
| 001 | 000045531 | ||
| 005 | 20201002052311.0 | ||
| 008 | 150414s2011 dr a 000 0 spa d | ||
| 040 |
_aDO-SdBNP _bspa _cBNPHU |
||
| 082 |
_axxxx _bxxxx |
||
| 100 | 1 |
_aDisla, Alba _973590 |
|
| 245 | 1 | 0 |
_aDibuja, juega y aprende / _cPaula Disla, Alba RodrÃguez ; ilustraciones Marolyn Medina. |
| 246 | 1 | 0 | _aColorea, juega y aprende |
| 260 |
_aSanto Domingo : _bUNICEF, _c2011. |
||
| 300 |
_a16 p. : _bil. ; _c23 cm. |
||
| 700 | 1 | 2 |
_aRodrÃguez, Paula _973591 |
| 700 | 1 | 2 |
_aMedina, Marolyn, _eil. _973576 |
| 999 |
_c45020 _d45020 |
||